| Tag |
First Indicator |
Second Indicator |
Subfields |
| LEADER |
00000cgm a2200000Ma 4500 |
| 001 |
in00005557310 |
| 006 |
m o c |
| 007 |
cr |n||||||||a |
| 007 |
vz |za|z| |
| 008 |
140513s2004 xna027 e o vueng d |
| 005 |
20241201231701.3 |
| 035 |
|
|
|a (OCoLC)ocn885256936
|
| 040 |
|
|
|a ALSTP
|b eng
|e pn
|c ALSTP
|d OCLCO
|d OCLCF
|d OCLCQ
|d OCLCO
|d OCLCQ
|d CAUOI
|d MNI
|d OCLCA
|d WYU
|d UPM
|d OCLCO
|d NUI
|d OCLCO
|
| 019 |
|
|
|a 1430845534
|a 1443945813
|
| 035 |
|
|
|a (OCoLC)885256936
|z (OCoLC)1430845534
|z (OCoLC)1443945813
|
| 049 |
|
|
|a TXAM
|
| 245 |
0 |
0 |
|a Inventions from the shed. 2 /
|c directed by David Batty.
|
| 260 |
|
|
|a New South Wales :
|b ABC Commercial,
|c 2004.
|
| 300 |
|
|
|a 1 online resource (27 min.).
|
| 306 |
|
|
|a 002701
|
| 336 |
|
|
|a two-dimensional moving image
|b tdi
|2 rdacontent
|
| 337 |
|
|
|a computer
|b c
|2 rdamedia
|
| 338 |
|
|
|a online resource
|b cr
|2 rdacarrier
|
| 490 |
0 |
|
|a VAST: academic video online
|
| 500 |
|
|
|a Title from resource description page (viewed July 10, 2014).
|
| 520 |
|
|
|a This documentary, directed by David Batty, delves into the lives of inventors and the workshops in which they created their machines. In this episode, four housemates share an underground dugout while spending their days in the pursuit of opals. In the dusty opal mining town of Coober Pedy, John, Jurgen, Murray and Doug are surrounded by half completed inventions and hybrid machinery as they carry out their search.
|
| 546 |
|
|
|a This edition in English.
|
| 650 |
|
0 |
|a Inventions.
|
| 650 |
|
0 |
|a Inventors.
|
| 650 |
|
6 |
|a Inventions.
|
| 650 |
|
6 |
|a Inventeurs.
|
| 650 |
|
7 |
|a Inventions
|2 fast
|
| 650 |
|
7 |
|a Inventors
|2 fast
|
| 655 |
|
4 |
|a Alexander Street Video.
|
| 655 |
|
7 |
|a documentary film.
|2 aat
|
| 655 |
|
7 |
|a Documentary films
|2 fast
|
| 655 |
|
7 |
|a Documentary films.
|2 lcgft
|
| 655 |
|
7 |
|a Documentaires.
|2 rvmgf
|
| 700 |
1 |
|
|a Batty, David.
|4 drt
|
| 700 |
1 |
|
|a McMahon, Jeni.
|4 pro
|
| 856 |
4 |
0 |
|u http://proxy.library.tamu.edu/login?url=https://www.aspresolver.com/aspresolver.asp?AVN2;2127136
|z Connect to this streaming video (Alexander Street Press)
|t 0
|
| 955 |
|
|
|a Alexander Street Press subscription streaming video
|
| 994 |
|
|
|a 92
|b TXA
|
| 999 |
f |
f |
|s 27c32552-97c1-4326-be40-a5026604030b
|i cb0b31af-d0b5-48bd-a5cb-29655c5820e5
|t 0
|
| 952 |
f |
f |
|a Texas A&M University
|b College Station
|c Electronic Resources
|d Available Online
|t 0
|h Library of Congress classification
|
| 998 |
f |
f |
|t 0
|l Available Online
|